000 004790000a22001690004500
003 MACL
005 20151218133224.0
008 151218b xxu||||| |||| 00| 0 eng d
040 _aMACL
_cMACL
041 _aEnglish
082 _a030/CAS
100 _aThe Waverley book company Ltd
_920824
245 _aCassells Encyclopaedia of General Information
_bPews to Runnymede
260 _bThe Waverley book company Ltd
650 _aEncyclopaedia
_921116
942 _cBK
_k030/CAS
_2ddc
999 _c40421
_d40421